Kathakal (Record no. 78880)

MARC details
000 -LEADER
fixed length control field 00382 a2200157 4500
005 - DATE AND TIME OF LATEST TRANSACTION
control field 20200218121033.0
008 - FIXED-LENGTH DATA ELEMENTS--GENERAL INFORMATION
fixed length control field 141110b xxu||||| |||| 00| 0 eng d
020 ## - INTERNATIONAL STANDARD BOOK NUMBER
International Standard Book Number 9788126442393
080 ## - UNIVERSAL DECIMAL CLASSIFICATION NUMBER
Universal Decimal Classification number FM
Item number BEN/K
100 ## - MAIN ENTRY--PERSONAL NAME
Personal name Benyamin
245 ## - TITLE STATEMENT
Title Kathakal
260 ## - PUBLICATION, DISTRIBUTION, ETC. (IMPRINT)
Date of publication, distribution, etc 2013
Name of publisher, distributor, etc D C Books
Place of publication, distribution, etc Kottayam
300 ## - PHYSICAL DESCRIPTION
Extent 318p.
653 ## - INDEX TERM--UNCONTROLLED
Uncontrolled term Fiction - Malayalam literature
653 ## - INDEX TERM--UNCONTROLLED
Uncontrolled term Malayalam short stories
942 ## - ADDED ENTRY ELEMENTS (KOHA)
item type Books
Holdings
Lost status Source of classification or shelving scheme Not for loan Home library Current library Date acquired Cost, normal purchase price Total Checkouts Total Renewals Full call number Barcode Date last seen Date checked out Cost, replacement price Price effective from Koha item type
  Universal Decimal Classification   University Library University Library 12/12/2013 0.00 50 2 FM BEN/K 00071100 24/01/2025 28/12/2024 0.00 12/12/2013 Books
  Universal Decimal Classification   University Library University Library 17/02/2020   12 4 FM BEN/K;1 00085529 09/01/2025 10/12/2024   17/02/2020 Books
University Library, CUSAT